1237 1543 1667 1170 1941 1159 1434 1073 1688 1197 1259 1708 1597 1981 1844 1495 1800 1633 1875 1839 1631 1748 1207 1379 1810 1796 1855 1981 1418 1044 1193 1343 1578 1459 1780 1267 1295 1476 1837 1397 1431 1716 1696 1738 1657 1375 1322 1843 1694 1352 1599 1885 1635 1396 1214 1118 1986 1933 1531 1795 1453 1037 1889 1675 1181 1056 1647 1674 1301 1754 1864 1161 1707 1530 1765 1424 1495 1993 1342 1966 1695 1303 1964 1622 1048 1780 1247 1760 1035 1191 1614 1017 1078 1492 1677 1944 1480 1713 1225 BCNSPRNW ULIB Ver.6.0+V

เปลี่ยนเป็นภาษาไทย

Change to English
 แสดงรายละเอียดบรรณานุกรม
  กลับหน้าหลัก

Brief Record : Get Marc (ISO 2709) : E-mail record : QR code < ปิดหน้าต่าง
LEADER : 00000nam 2200000uu 4500
001    13399112643
003     ULIB
008    110829s2550||||th 000 0 tha d
020    9789741108053
050 04 HV5740^bอ286น 2550
100 0  อมรรัตน์ โพธิพรรค
245 10 แนวทางควบคุมและกำกับการระบาดของยาสูบ =^bGuidelines for controlling and monitoring the tobacco epidemic /^cเรียบเรียงโดย อมรรัตน์ โพธิพรรค, มณฑา เก่งการพานิช,ลักขณา เติมศิริกุลชัย
246 31 Guidelines for controlling and monitoring the tobacco epidemic
260    กรุงเทพฯ :^bศูนย์วิจัยและจัดการความรู้เพื่อการควบคุมยาสูบ (ศจย.),^c2550
300    viii, 201 หน้า :^bภาพประกอบ ;^c26 ซม.
536    สนับสนุนโดย สำนักงานกองทุนสนับสนุนการสร้างเสริมสุขภาพ (สสส.)
650  4 ยาสูบ^xการควบคุม
650  4 การสูบบุหรี่^xการควบคุม
700 0  มณฑา เก่งการพานิช
700 0  ลักขณา เติมศิริกุลชัย
710 2  ศูนย์วิจัยและจัดการความรู้เพื่อการควบคุมยาสูบ (ศจย.)
710 2  สำนักงานกองทุนสนับสนุนการสร้างเสริมสุขภาพ (สสส.)
710 2  องค์การอนามัยโลก
945    ^p0^l0^i023174
945    ^p0^l0^i023175
945    ^p0^l0^i023176
995    ทศพร
999 ^a ทศพร
รายการนี้ยังไม่มีแท็ก
คุณยังไม่ได้ล็อกอิน คุณสามารถมีกิจกรรมร่วมกับเว็บไซต์ได้ แต่ต้องล็อกอินก่อน ::
  ล็อกอิน

รายการสื่อสารสนเทศ

ลำดับที่ ประเภท เลขเรียก/บาร์โค้ด สถานที่ สถานะ
- ไม่พบข้อมูล -

รายการใกล้เคียง
    ผู้แต่ง [อมรรัตน์ โพธิพรรค]

BibComment


ยังไม่เคยถูกคอมเมนท์

คอมเมนท์ทรัพยากรรายการนี้
  คอมเมนท์: แนวทางควบคุมและกำ..


 Copyright 2026. Bcnsprnw @Library